| 000 | 00491nam a2200193Ia 4500 | ||
|---|---|---|---|
| 003 | OSt | ||
| 005 | 20230418145307.0 | ||
| 008 | 210423s2018 xx 000 0 und d | ||
| 040 | _cAL | ||
| 041 | _aeng | ||
| 082 |
_a380.092 _223 _bMANR |
||
| 100 |
_aMANIYANI (Shridhara) _990104 |
||
| 245 | _aRaghuramabhivandana | ||
| 260 |
_aMangaluru _bRaghurama felicitation committee _c2018 |
||
| 300 |
_a204 _bPB |
||
| 650 |
_aCommerce _990105 |
||
| 906 | _aRaghuramabhivandana | ||
| 942 |
_2ddc _cBK |
||
| 999 |
_c170064 _d170064 |
||